| 000 -LEADER |
| fixed length control field |
00461nam a2200157Ia 4500 |
| 008 - FIXED-LENGTH DATA ELEMENTS--GENERAL INFORMATION |
| fixed length control field |
181119s9999||||xx |||||||||||||| ||und|| |
| 020 ## - INTERNATIONAL STANDARD BOOK NUMBER |
| International Standard Book Number |
81854420037 |
| 082 ## - DEWEY DECIMAL CLASSIFICATION NUMBER |
| Classification number |
343.043 |
| Item number |
BHA/D |
| 100 ## - MAIN ENTRY--PERSONAL NAME |
| Personal name |
Bhargava, Rakesh |
| 245 #0 - TITLE STATEMENT |
| Title |
Direct Taxes Digest (1922-1990) with Judicial AnalysisVolume 6 (Secs. 255 to 280ZE) |
| 250 ## - EDITION STATEMENT |
| Edition statement |
2nd Edition |
| 260 ## - PUBLICATION, DISTRIBUTION, ETC. |
| Place of publication, distribution, etc. |
New Delhi |
| Name of publisher, distributor, etc. |
Taxmann Allied Services Pvt. Ltd. |
| Date of publication, distribution, etc. |
1990 |
| 300 ## - PHYSICAL DESCRIPTION |
| Extent |
1149 |
| 700 ## - ADDED ENTRY--PERSONAL NAME |
| Personal name |
Dogra. R.S. |
| 942 ## - ADDED ENTRY ELEMENTS (KOHA) |
| Koha item type |
Book |